|
|
|
|
| LEADER |
00000naa2a2200000 4500 |
| 001 |
449919 |
| 005 |
20231101083235.0 |
| 035 |
|
|
|a (RuTPU)RU\TPU\prd\112036
|
| 035 |
|
|
|a RU\TPU\prd\46283
|
| 090 |
|
|
|a 449919
|
| 100 |
|
|
|a 20110608a2006 k y0rusy50 ca
|
| 101 |
0 |
|
|a rus
|
| 102 |
|
|
|a RU
|
| 200 |
1 |
|
|a Фрагментация пластической деформации в металлических материалах с ГЦК-решеткой
|f Д. В. Лычагин
|
| 320 |
|
|
|a Библиогр.: 16 назв.
|
| 461 |
|
0 |
|0 (RuTPU)RU\TPU\prd\353
|x 1683-805X
|t Физическая мезомеханика
|f Институт физики прочности и материаловедения ; Российская академия наук (РАН), Сибирское отделение (СО), Институт физики прочности и материаловедения (ИФПМ)
|d 1998-
|
| 463 |
|
0 |
|0 (RuTPU)RU\TPU\prd\112026
|t Т. 9, № 3
|v с. 103-113
|d 2006
|
| 610 |
1 |
|
|a пластическая деформация
|
| 610 |
1 |
|
|a металлические материалы
|
| 610 |
1 |
|
|a ГЦК-решетки
|
| 610 |
1 |
|
|a фрагментация
|
| 610 |
1 |
|
|a сжатие
|
| 610 |
1 |
|
|a домены сдвигов
|
| 610 |
1 |
|
|a морфология
|
| 610 |
1 |
|
|a монокристаллические материалы
|
| 610 |
1 |
|
|a поверхностные зёрна
|
| 610 |
1 |
|
|a зёрна поликристаллов
|
| 700 |
|
1 |
|a Лычагин
|b Д. В.
|
| 801 |
|
1 |
|a RU
|b 63413507
|c 20060921
|g PSBO
|
| 801 |
|
2 |
|a RU
|b 63413507
|c 20110608
|g RCR
|
| 942 |
|
|
|c BK
|